000 00519nam a2200205Ia 4500
005 20240823035925.0
008 240823s9999||||xx |||||||||||||| ||und||
020 _a0-07-462436-x
041 _aENGLISH
082 _A624.17 N6
100 _aShanumugam G
245 0 _aBasic Civil and Mechanical Enigneeirng
250 _a2nd
260 _c1996
_b"Tata Mcgraw Hill,New "
500 _aTRANSFERED
650 _aMechanical Engineeirng
_bMechanical
700 _a Palanichamy M S
942 _cBK
999 _c201850
_d201850